| 000 | 03480nac a2200577 a 4500 | ||
|---|---|---|---|
| 003 | CO-PeBPM | ||
| 005 | 20260407173400.0 | ||
| 007 | ta | ||
| 008 | 260407s2019 ck a|||| |||| 00| 0 spa d | ||
| 020 | _a9789587601572 | ||
| 040 |
_aCO-PeBPM _bspa _cCO-PeBPM _erda |
||
| 041 | _aspa | ||
| 082 | 0 | 4 |
_a338.47910986126 C737c _222 |
| 100 | 1 |
_aMontenegro-Velandia, Wilson _eInvestigador principal |
|
| 245 | 1 | 0 |
_aCompetitividad turística como motor de desarrollo regional _b: Un estudio del clúster de turismo en el Suroeste antioqueño _c/ Investigador principal Wilson Montenegro Velandia... [y otros diecisiete más] |
| 250 | _aPrimera edición | ||
| 264 |
_aBogotá, Colombia _b: Universidad Cooperativa de Colombia _c, 2019 |
||
| 300 |
_a211 páginas _bilustraciones, gráficos en blanco y negro _c24 centimetros |
||
| 336 |
_2rdacontent _atexto _btxt |
||
| 337 |
_2rdamedia _asin mediación _bn |
||
| 338 |
_2rdacarrier _avolumen _bnc |
||
| 490 | _aInvestigación en economía social y solidaria | ||
| 500 | _aIncluye índice y anexos | ||
| 500 | _aContiene datos biográficos de los autores | ||
| 500 | _aContiene referencias bibliográficas al final del texto | ||
| 520 | _aEl crecimiento turístico es una tendencia en el siglo XXI, y más para Colombia, que en los últimos años ha vivido un proceso de transformación social y política, el cual ha fortalecido los indicadores de seguridad, por lo que el país se ha convertido en un destino turístico internacional muy apetecido. Con base en lo anterior, este libro presenta un modelo de desarrollo competitivo para el sector turismo en las fases de investigación e implementación. Para ello, se basa en la exposición del caso del suroeste antioqueño y parte de la pregunta por las estrategias pertinentes para conseguir la competitividad del clúster turismo en dicha subregión como motor de desarrollo. A partir de allí, se presentan conclusiones y recomendaciones que buscan aportar en la elección de las estrategias que deben aplicarse al momento de estandarizar los servicios en unidades productivas que quieran actuar como una red de empresas... Tomado de la contracubierta | ||
| 650 | 1 | 7 |
_aTurismo _2LEMB |
| 650 | 1 | 7 |
_aComercio turístico _2LEMB |
| 650 | 1 | 7 |
_aCompetitividad _2LEMB |
| 650 | 1 | 7 |
_aIdentidad cultural - Suroeste antioqueño (Colombia) _2LEMB |
| 651 | 1 | _aSuroeste antioqueño (Colombia) - Aspectos económicos | |
| 700 | 1 |
_a Arango Benjumea, Jhon Jaime _eautor |
|
| 700 | 1 |
_aAcevedo Restrepo, Jhon Fredy _eautor |
|
| 700 | 1 |
_aBermúdez Cardona, Adriana Milena _eautor |
|
| 700 | 1 |
_aCaicedo Valencia, Vícthor Manuel _eautor |
|
| 700 | 1 |
_aCartagena Rendón, Claudio Marco _eautor |
|
| 700 | 1 |
_aGuerrero Gutiérrez, Jonathan _eautor |
|
| 700 | 1 |
_aMarín Suárez, Carlos Andrés _eautor |
|
| 700 | 1 |
_aMontoya Agudelo, César Alveiro _eautor |
|
| 700 | 1 |
_a Muñoz Vélez, Tatiana Andrea _eautor |
|
| 700 | 1 |
_aPérez Villa, Pastor Emilio _eautor |
|
| 700 | 1 |
_aQuintana Peláez, Gloria Estela _eautor |
|
| 700 | 1 |
_a Restrepo Marín, Janeth del Carmen _eautor |
|
| 700 | 1 |
_aRoldán Echeverri, Arnubio de Jesús _eautor |
|
| 700 | 1 |
_a Uribe Castrillón, Víctor Hugo _eautor |
|
| 700 | 1 |
_a Estrada Calle, Laura _eautor |
|
| 700 | 1 |
_a Jaramillo Pulgarín, Diana Marcela _eautor |
|
| 700 | 1 |
_a Taborda Tuirán, Joan Sebastián _eautor |
|
| 942 |
_2ddc _n0 _cBK |
||
| 999 |
_c107306 _d107306 |
||